[Event "Vlissingen HZ op 23rd"]
[Site "Vlissingen"]
[Date "2019.08.04"]
[Round "2"]
[White "Zwirs, Jasper"]
[Black "Rutte, Edwin"]
[Result "1-0"]
[WhiteElo "2110"]
[BlackElo "1663"]
[PlyCount "73"]
[EventDate "2019.08.03"]
[EventType "swiss"]
[EventRounds "9"]
[EventCountry "NED"]
[SourceTitle "CBM 191 Extra"]
[Source "ChessBase"]
[SourceDate "2019.09.30"]
[SourceVersion "1"]
[SourceVersionDate "2019.09.30"]
[SourceQuality "1"]

1. e4 e5 2. Nf3 Nc6 3. Bc4 Nf6 4. d3 d6 5. 0-0 h6 6. c3 Be7 7. Re1 0-0 8. b4 a6 9. Bb3 b5 10. Nbd2 Bg4 11. Nf1 Qd7 12. Ng3 Kh8 13. h3 Bxh3 14. gxh3 Qxh3 15. Nh2 Nd8 16. Qf3 Ne6 17. Nf5 Qxf3 18. Nxf3 Bd8 19. a4 g6 20. Ng3 bxa4 21. Rxa4 Rg8 22. d4 exd4 23. Nxd4 Ng4 24. Nxe6 fxe6 25. Bxe6 Ne5 26. Bxg8 Nf3+ 27. Kf1 Nxe1 28. Bd5 c6 29. Bxc6 Rc8 30. Rxa6 Nd3 31. Be3 Bh4 32. Ra8 Rxa8 33. Bxa8 Bf6 34. b5 Bxc3 35. b6 Be5 36. b7 d5 37. Bd4 1-0